| 000 | 00636nam a2200241Ia 4500 | ||
|---|---|---|---|
| 003 | OSt | ||
| 005 | 20230522103430.0 | ||
| 008 | 210423s2013 xx 000 0 und d | ||
| 020 | _a978-81-224-0975-8 | ||
| 040 | _cAL | ||
| 041 | _aeng | ||
| 082 |
_a512.2 JOSE _223 |
||
| 100 |
_aJOSHI (A W). _9110024 |
||
| 245 | _aElements of group theory for physicists Ed 4 | ||
| 250 | _a4 | ||
| 260 |
_aNew Delhi _bNew Age International _c2013 |
||
| 300 |
_axiii,305 _bPB |
||
| 365 |
_b200 _cINR |
||
| 650 |
_aAlgebra _9110025 |
||
| 650 |
_aMathematics _9110026 |
||
| 906 | _aEd ; Elements ; group ; physicists ; theory | ||
| 942 |
_2ddc _cBK |
||
| 999 |
_c165223 _d165223 |
||